Labour Unions effectiveness in representing employees in the mining industry: a case of mine workers union of Zambia and national union of miners and allied workers (Record no. 48755)
[ view plain ]
| 000 -LEADER | |
|---|---|
| fixed length control field | 00966nam a2200205 a 4500 |
| 008 - FIXED-LENGTH DATA ELEMENTS--GENERAL INFORMATION | |
| fixed length control field | 140127s2013 ||||||||||||||||| || u |
| 050 ## - LIBRARY OF CONGRESS CALL NUMBER | |
| Classification number | THESIS/CHI |
| 100 ## - MAIN ENTRY--PERSONAL NAME | |
| Personal name | Chipunza, Mwaka M |
| 245 10 - TITLE STATEMENT | |
| Title | Labour Unions effectiveness in representing employees in the mining industry: a case of mine workers union of Zambia and national union of miners and allied workers |
| Statement of responsibility, etc. | by Mwaka M. Chipunza |
| 260 ## - PUBLICATION, DISTRIBUTION, ETC. | |
| Place of publication, distribution, etc. | Kitwe: |
| Name of publisher, distributor, etc. | Copperbelt University |
| Date of publication, distribution, etc. | 2013 |
| 300 ## - PHYSICAL DESCRIPTION | |
| Extent | xiii, various pagings: ill. |
| 362 1# - DATES OF PUBLICATION AND/OR SEQUENTIAL DESIGNATION | |
| Dates of publication and/or sequential designation | <p>MA Human Resources Management</p> |
| 500 ## - GENERAL NOTE | |
| General note | Bibliography |
| 650 ## - SUBJECT ADDED ENTRY--TOPICAL TERM | |
| Topical term or geographic name entry element | MINE WORKERS UNION OF ZAMBIA--EFFECTIVENESS |
| 650 ## - SUBJECT ADDED ENTRY--TOPICAL TERM | |
| Topical term or geographic name entry element | LABOUR UNIONS--EFFECTIVENESS--ZAMBIA |
| 650 ## - SUBJECT ADDED ENTRY--TOPICAL TERM | |
| Topical term or geographic name entry element | NATIONAL UNION OF MINERS AND ALLIED WORKERS--EFFECTIVENESS |
| 650 ## - SUBJECT ADDED ENTRY--TOPICAL TERM | |
| Topical term or geographic name entry element | LABOUR UNIONS--MINING SECTOR |
| 650 ## - SUBJECT ADDED ENTRY--TOPICAL TERM | |
| Topical term or geographic name entry element | LABOUR UNIONS--ZAMBIA |
| 995 ## - RECOMMENDATION 995 [LOCAL, UNIMARC FRANCE] | |
| -- | CBU-MAIN LIBRARY (Kitwe) |
| -- | 1 |
| -- | AVAILABLE |
| -- | Jan 27, 2014 |
| -- | University Collection |
| Withdrawn status | Lost status | Source of classification or shelving scheme | Damaged status | Not for loan | Home library | Current library | Shelving location | Date acquired | Total Checkouts | Full call number | Barcode | Date last seen | Price effective from | Koha item type |
|---|---|---|---|---|---|---|---|---|---|---|---|---|---|---|
| CBU-MAIN LIBRARY, KITWE. | CBU-MAIN LIBRARY, KITWE. | 11/30/2022 | THESIS/CHI | 744654 | 11/30/2022 | 11/30/2022 | MONOGRAPH |